| 000 | 01149nam0a2200349 4500 | ||
|---|---|---|---|
| 001 | RU\NLR\bibl\1781073 | ||
| 005 | 20250616134752.0 | ||
| 010 |
_a978-5-7645-0393-6 _9500 |
||
| 021 |
_aRU _b2011-39975 _92844 |
||
| 035 | _a(nilc)RSL-KNO-004951193 | ||
| 035 | _aRU\LSL\Books\2555180 | ||
| 035 | _a(LIBNET)LIBNET\0000103584 | ||
| 035 | _a(NLR Aleph) 001771827 | ||
| 090 |
_a1642683 _c1642683 |
||
| 100 | _a20101228d2010 |||y0rusy50 ca | ||
| 101 | 0 | _arus | |
| 102 | _aRU | ||
| 105 | _ay ||||||||| | ||
| 200 | 1 |
_aЯ не хочу тебя потерять _e[роман] _fИскандер Ахмед |
|
| 210 |
_aКазань _cМедицина _d2010 |
||
| 215 |
_a170 с. _d20 |
||
| 686 |
_aШ5(2=Р)75-644 _2rubbk |
||
| 686 | _aШ6(2=Тат)7-4{Лх-татар.528-45} | ||
| 700 | 1 |
_aИскандер _bА. _gАхмед _4070 |
|
| 801 | 0 |
_aRU _bНБ Казанского ГУ _c20101228 _gRCR |
|
| 801 | 1 |
_aRU _bНБ Казанского ГУ _c20101228 |
|
| 801 | 2 |
_aRU _bНБ Казанского ГУ _c20110622 _gRCR |
|
| 801 | 1 |
_aRU _bРГБ _c20101228 |
|
| 801 | 2 |
_aRU _bNLR _c20110617 _grcr |
|
| 942 | _cBOOK | ||
| 980 | _aNB | ||